000
00317nam a2200133Ia 4500
005
20251222143119.0
008
251222s9999||||xx |||||||||||||| ||spa||
020
_a
84-206-3836-6
082
_a
869.26/B58S
100
_a
Bioy Casares, Adolfo
245
0
_a
El Sueño de los Héroes
264
_b
Alianza
942
_c
LIB
999
_c
11483
_d
11483